Asamblea de socios o accionistas en las sociedades mercantiles

Bibliographic Details
Main Author: Ruiz Rojas, Reň
Format: eBook
Language:Spanish
Published: [Mx̌ico D.F.] : Ediciones Fiscales ISEF, 2014
Subjects:
Online Access:Acceso restringido

MARC

LEADER 00000nam a22000007a 4500
005 20140321124735.0
007 cr|||| ||||
008 140321s2014 mx |||||s|||| 00||0 spa d
020 |a 978-607-406-635-7 
035 |a 11821 
040 |a vLex 
090 |c 4726  |d 4726 
100 1 |a Ruiz Rojas, Reň 
245 1 0 |a Asamblea de socios o accionistas en las sociedades mercantiles  |h [Recurso electrn̤ico] /  |c Ren ̌Ruiz Rojas 
256 |a Servicio en ln̕ea 
260 |a [Mx̌ico D.F.] :  |b Ediciones Fiscales ISEF,  |c 2014 
300 |a 1 recurso electrn̤ico 
650 0 4 |a Derecho mercantil  |z Mx̌ico 
740 0 |a vLex Libros (Servicio en ln̕ea) 
856 4 0 |u http://vlex.com/source/asamblea-de-socios-o-accionistas-en-las-sociedades-mercantiles-11821  |z Acceso restringido 
942 |c BOOK 
999 0 |a Commercial law